Carte automobile de l'Europe - Statistiques

Statistiques générales
  • Ce quiz a été pris 346 fois
  • Le résultat moyen est 7 sur 11
Réponses sur la Carte
Les réponses sont colorées sur une échelle allant du rouge au vert en fonction du pourcentage des utilisateurs qui les ont devinées à leur premier essai. Vous pouvez retrouver ces pourcentages ci-dessous.
 
Statistiques - réponses
Réponse % Correct
Seat
96%
Mercedes-Benz
95%
Peugeot
95%
Ferrari
93%
Volvo
92%
Rolls-Royce
85%
Vaz
57%
Skoda
42%
Fiat
19%
Rimac
18%
ZAZ
2%
Aucun quiz correspondant
Distribution des résultats
% des personnes avec chaque résultat
Percentile par nombre de réponses
Votre historique - résultats
Vous n’avez pas pris ce quiz